000 00469nam a2200181Ia 4500
001 24178
005 20260414151026.0
008 260414t2010||||xx |||||||||||||| ||spa||
041 _aESP
082 _a796.01
_bW42
100 _aWeinberg, Robert S.
_eAUT
245 0 _aFundamentos de psicología del deporte y del ejercicio físico
_b
260 _c2010
300 _axviii, 606 páginas :
_c28 cm.
650 _aABD
654 _aCAU
942 _cLIB
_dJUS
_fJUS
_2ddc
_n
999 _c24178
_d24178